[Event "Titled Tuesday intern op 06th July"]
[Site "Chess.com INT"]
[Date "2021.07.06"]
[Round "5"]
[White "Longen, Joseph"]
[Black "Kubatko, Ivan"]
[Result "0-1"]
[WhiteElo "2016"]
[BlackElo "2257"]
[PlyCount "42"]
[EventDate "2021.07.06"]
[EventType "swiss (blitz)"]
[EventRounds "11"]
[EventCountry "USA"]
[SourceTitle "EXT 2022"]
[Source "ChessBase"]
[SourceDate "2021.10.06"]
[SourceVersion "1"]
[SourceVersionDate "2021.10.06"]
[SourceQuality "1"]

1. e4 d5 2. exd5 Qxd5 3. Nc3 Qa5 4. Nf3 Nf6 5. d4 Bg4 6. Be2 Nc6 7. h3 Bh5 8. 0-0 0-0-0 9. Be3 e5 10. g4 Bg6 11. Nb5 a6 12. a4 exd4 13. Nfxd4 Nxd4 14. Bxd4 c5 15. b4 Qxb4 16. Na7+ Kc7 17. Be5+ Bd6 18. Bxd6+ Rxd6 19. Bd3 Qb6 20. Nb5+ axb5 21. axb5 c4 0-1

[Event "Titled Tuesday intern op 6th Aug"]
[Site "Chess.com INT"]
[Date "2019.08.06"]
[Round "6"]
[White "Longen, Joseph"]
[Black "Potapova, Margarita"]
[Result "0-1"]
[WhiteElo "2021"]
[BlackElo "2335"]
[PlyCount "74"]
[EventDate "2019.08.06"]
[EventType "swiss (blitz)"]
[EventRounds "10"]
[EventCountry "USA"]
[SourceTitle "EXT 2021"]
[Source "ChessBase"]
[SourceDate "2020.10.23"]
[SourceVersion "1"]
[SourceVersionDate "2020.10.23"]
[SourceQuality "1"]

1. d4 Nf6 2. Bg5 d5 3. Nd2 Nbd7 4. Ngf3 g6 5. e3 Bg7 6. Bd3 0-0 7. 0-0 c5 8. c3 b6 9. Qe2 Bb7 10. a4 Ne4 11. Bh4 a6 12. Ne1 g5 13. Bxe4 gxh4 14. Bc2 e5 15. Qh5 e4 16. f3 f5 17. Bb3 c4 18. Nxc4 dxc4 19. Bxc4+ Kh8 20. fxe4 Bxe4 21. Nf3 Nf6 22. Qxh4 Qc7 23. Bb3 Qb7 24. Ne5 Nd5 25. Ng6+ Kg8 26. Nxf8 Rxf8 27. c4 Nb4 28. Rf2 Nd3 29. Rd2 Kh8 30. Rad1 Nb4 31. d5 Bf6 32. Qh3 Qg7 33. Rf1 Rg8 34. g3 Nd3 35. Rfd1 Nc5 36. d6 Nxb3 37. d7 Nxd2 0-1

[Event "Titled Tuesday intern op 2nd Febr"]
[Site "Chess.com INT"]
[Date "2019.02.05"]
[Round "3"]
[White "Elissalt Cardenas, Hector"]
[Black "Longen, Joseph"]
[Result "1/2-1/2"]
[WhiteElo "2320"]
[BlackElo "2064"]
[PlyCount "34"]
[EventDate "2019.02.05"]
[EventType "swiss (blitz)"]
[EventRounds "10"]
[EventCountry "USA"]
[SourceTitle "EXT 2021"]
[Source "ChessBase"]
[SourceDate "2020.10.23"]
[SourceVersion "1"]
[SourceVersionDate "2020.10.23"]
[SourceQuality "1"]

1. d4 Nf6 2. c4 e6 3. Nc3 Bb4 4. e3 0-0 5. Nge2 c5 6. g3 cxd4 7. exd4 d5 8. cxd5 Nxd5 9. Bg2 Nc6 10. 0-0 Nxc3 11. bxc3 Be7 12. c4 Na5 13. c5 Bd7 14. Nc3 Bc6 15. Ne4 b6 16. cxb6 axb6 17. Be3 Bd5 1/2-1/2

[Event "Titled Tuesday intern op 1st Jan"]
[Site "Chess.com INT"]
[Date "2019.01.01"]
[Round "8"]
[White "Longen, Joseph"]
[Black "Atanejhad, Sahebali"]
[Result "0-1"]
[WhiteElo "2064"]
[BlackElo "2120"]
[PlyCount "84"]
[EventDate "2019.01.01"]
[EventType "swiss (blitz)"]
[EventRounds "10"]
[EventCountry "USA"]
[SourceTitle "EXT 2021"]
[Source "ChessBase"]
[SourceDate "2020.10.23"]
[SourceVersion "1"]
[SourceVersionDate "2020.10.23"]
[SourceQuality "1"]

1. e4 c5 2. Nf3 g6 3. d4 cxd4 4. Nxd4 Nc6 5. Nc3 Bg7 6. Be3 Nf6 7. Nxc6 bxc6 8. e5 Ng8 9. f4 Nh6 10. Bd3 0-0 11. 0-0 d6 12. exd6 exd6 13. Qf3 d5 14. Bf2 Ng4 15. Bc5 Re8 16. h3 Nh6 17. Ne2 Bf5 18. Kh1 Bxd3 19. Qxd3 Bxb2 20. Rab1 Bg7 21. Bd4 Bxd4 22. Nxd4 Qd7 23. f5 c5 24. fxg6 cxd4 25. gxh7+ Kh8 26. Rf6 Re6 27. Qxd4 Rxf6 28. Qxf6+ Kxh7 29. Rb4 Rg8 30. Rh4 Rg6 31. Qf4 Qe6 32. Qf2 Kg7 33. Kh2 Nf5 34. Rf4 Ne3 35. g4 Qe5 36. Qg3 f5 37. Kh1 Qa1+ 38. Kh2 Nxg4+ 39. hxg4 Rh6+ 40. Kg2 Qh1+ 41. Kf2 Rh2+ 42. Ke3 Rh3 0-1

[Event "Titled Tuesday intern op 4th Oct"]
[Site "Chess.com INT"]
[Date "2016.10.04"]
[Round "9"]
[White "Smith, Tommy"]
[Black "Longen, Joseph"]
[Result "1-0"]
[WhiteElo "1980"]
[BlackElo "2002"]
[PlyCount "65"]
[EventDate "2016.10.04"]
[EventType "swiss (blitz)"]
[EventRounds "9"]
[EventCountry "USA"]
[SourceTitle "EXT 2021"]
[Source "ChessBase"]
[SourceDate "2020.10.23"]
[SourceVersion "1"]
[SourceVersionDate "2020.10.23"]
[SourceQuality "1"]

1. e4 c5 2. Nf3 d6 3. d4 cxd4 4. Nxd4 Nf6 5. Nc3 e5 6. Nde2 Be7 7. g3 0-0 8. Bg2 Nbd7 9. 0-0 a6 10. h3 b6 11. Be3 Bb7 12. Qd2 Qc7 13. Rfd1 Rac8 14. Rac1 Nc5 15. Nd5 Ncxe4 16. Nxc7 Nxd2 17. Bxb7 Rxc7 18. Bxa6 Nf3+ 19. Kg2 e4 20. Bb5 d5 21. Nd4 Bc5 22. Nxf3 exf3+ 23. Kxf3 h6 24. Bf4 Ra7 25. a3 Ne4 26. Rxd5 Nxf2 27. Rxc5 bxc5 28. Kxf2 Rb7 29. c4 f5 30. a4 Rd8 31. a5 Re7 32. a6 g6 33. Bxh6 1-0